000 00687nas a2200229 4500
001 BR9504109
003 BR-BrBNA
005 20231205094420.0
007 ta
008 230509b bl.|||p| |||| 00| 00por d
040 _aBR-BrBNA
_bpor
_cBiblioteca Nacional de Agricultura
041 _a(Pt)
072 _aQ55
100 1 _aMoreira, H.A.
245 1 _aSuplementos de concentrados para vacas leiteiras
650 _aVaca Leiteira
650 _aSuplemento Alimentar
650 _aSuplemento Concentrado
773 0 _tBoletim do Leite e seus Derivados (Brazil)
_x
_g(Jun-Dec 1984), v. 57(663) p. 06-14
_wBR9504109
909 _a202311
_bLúcia
_c55
_dLúcia Elande
942 _2AGRIS
_n0
_cANA
999 _c144149
_d144149